000
00185 a2200097 4500
020
_a
9780844273891
041
_a
spa
100
_a
Judith Noble
245
_a
The hispanic way
942
_c
K
999
_c
27415
_d
27415